Catálogo
Digital

Catálogo
Digital

Cuidados básicos en la atención al neonato (Record no. 14471)

MARC details
000 -CABECERA
campo de control de longitud fija 02366nam a2200385 4500
003 - IDENTIFICADOR DEL NÚMERO DE CONTROL
campo de control EC-UNACH
005 - FECHA Y HORA DE LA ÚLTIMA TRANSACCIÓN
campo de control 20260401091307.0
006 - CÓDIGOS DE INFORMACIÓN DE LONGITUD FIJA--CARACTERÍSTICAS DEL MATERIAL ADICIONAL
campo de control de longitud fija s||||gr|||| 00| 00
008 - DATOS DE LONGITUD FIJA--INFORMACIÓN GENERAL
campo de control de longitud fija 150116t9999 mx r gr 000 0 spa d
020 ## - NÚMERO INTERNACIONAL ESTÁNDAR DEL LIBRO
Número Internacional Estándar del Libro 978-9942-661-97-5
040 ## - FUENTE DE LA CATALOGACIÓN
Centro catalogador/agencia de origen EC-UNACH
Centro/agencia transcriptor EC-UNACH
041 ## - CÓDIGO DE LENGUA
Código de lengua del texto/banda sonora o título independiente spa
082 04 - NÚMERO DE LA CLASIFICACIÓN DECIMAL DEWEY
Número de edición 23
Número de clasificación 618.920.1
Número de documento/Ítem L018614
100 ## - ENTRADA PRINCIPAL--NOMBRE DE PERSONA
Nombre de persona Betancourt Jimbo, Cielito del Rosario / Rivera Herrera Elsa Graciela / Valdiviezo Maygua Mónica Alexandra / Machado Herrera Paola Maricela / Herrera Molina Angélica Salome / Silva Solís Ana Belén
245 ## - MENCIÓN DE TÍTULO
Título Cuidados básicos en la atención al neonato
Número de parte o sección de la obra Tomo I
250 ## - MENCIÓN DE EDICIÓN
Mención de edición Primera edición
264 ## - Producción, publicación, distribución, fabricación y copyright
Lugar de producción, publicación, distribución, fabricación Riobamba - Ecuador
Nombre del de productor, editor, distribuidor, fabricante Universidad Nacional de Chimborazo
Fecha de de producción, publicación, distribución, fabricación o copyright 2025
264 ## - Producción, publicación, distribución, fabricación y copyright
Lugar de producción, publicación, distribución, fabricación Producción UNACH
300 ## - DESCRIPCIÓN FÍSICA
Extensión 172 páginas
Otras características físicas tablas;
490 ## - MENCIÓN DE SERIE
Designación de volumen o secuencia Tomo I
501 ## - NOTA DE "CON"
Nota de “Con” La obra presentada ofrece información sobre los cuidados básicos al neonato sano o diagnosticado con afecciones más prevalentes, para lo cual se aplica el proceso enfermero, método que orienta a una atención integral y de calidad al paciente y a su familia. En el capítulo I se abordan las principales teorías y modelos de enfermería aplicables al cuidado del neonato. En el capítulo II, por su parte, se explica el Proceso Enfermero con sus diferentes fases, como la valoración, diagnóstico, planificación, ejecución y evaluación. Finalmente, en el capítulo III, se consideran las enfermedades más frecuentes que afectan al neonato, partiendo desde la fundamentación teórica para permitir una visión general de la enfermedad, hasta el diseño de planes de atención.
505 ## - NOTA DE CONTENIDO CON FORMATO
Nota de contenido con formato Capítulo I: Teorías y modelos de enfermería en atención al neonato -- Capítulo II: Proceso de atención de enfermería en neonatología -- Capítulo III: Afecciones comunes en el recién nacido.
650 ## - PUNTO DE ACCESO ADICIONAL DE MATERIA--TÉRMINO DE MATERIA
Término de materia o nombre geográfico como elemento inicial CUIDADOS CULTURALES
650 ## - PUNTO DE ACCESO ADICIONAL DE MATERIA--TÉRMINO DE MATERIA
Término de materia o nombre geográfico como elemento inicial INTERACCIÓN PADRE - HIJO
650 ## - PUNTO DE ACCESO ADICIONAL DE MATERIA--TÉRMINO DE MATERIA
Término de materia o nombre geográfico como elemento inicial VALORACIÓN NEONATOS
650 ## - PUNTO DE ACCESO ADICIONAL DE MATERIA--TÉRMINO DE MATERIA
Término de materia o nombre geográfico como elemento inicial EXAMEN FÍSICO
650 ## - PUNTO DE ACCESO ADICIONAL DE MATERIA--TÉRMINO DE MATERIA
Término de materia o nombre geográfico como elemento inicial EXAMEN NEUROLÓGICO
650 ## - PUNTO DE ACCESO ADICIONAL DE MATERIA--TÉRMINO DE MATERIA
Término de materia o nombre geográfico como elemento inicial PREMATURIDAD
856 ## - LOCALIZACIÓN Y ACCESO ELECTRÓNICOS
Identificador Uniforme del Recurso <a href="https://editorial.unach.edu.ec/index.php/Editorial/catalog/book/272">https://editorial.unach.edu.ec/index.php/Editorial/catalog/book/272</a>
Texto de enlace Libro Digital - Cuidados básicos en la atención al neonato Tomo I
942 ## - ELEMENTOS DE PUNTO DE ACCESO ADICIONAL (KOHA)
Fuente del sistema de clasificación o colocación Clasificación Decimal Dewey
Tipo de ítem Koha Libro electrónico
999 ## - NÚMEROS DE CONTROL DE SISTEMA (KOHA)
Koha biblionumber 14471
Holdings
Estado de pérdida Fuente del sistema de clasificación o colocación Estado dañado No para préstamo Localización permanente Ubicación/localización actual Ubicación en estantería Fecha de adquisición Fuente de adquisición Total de préstamos Signatura topográfica completa Código de barras Fecha visto por última vez Número de copia Precio válido a partir de Tipo de ítem Koha Centro de costos
  Clasificación Decimal Dewey     Biblioteca Campus Norte Biblioteca Campus Norte Medicina 31/03/2026 Producción Científica UNACH   618.920.1 BET L018614 L018614 31/03/2026 Ejemplar: 01 31/03/2026 Libro electrónico  

Powered by Koha